Vista normal
Vista MARC
Entrada Materia (corporativa)
Número de registros utilizados en: 1
001 - CONTROL NUMBER
- control field: 71639
003 - CONTROL NUMBER IDENTIFIER
- control field: Co-BoUCM
005 - DATE AND TIME OF LATEST TRANSACTION
- control field: 20150921080550.0
008 - FIXED-LENGTH DATA ELEMENTS
- fixed length control field: 150921|| aca||aabn | a|a d
040 ## - CATALOGING SOURCE
- Original cataloging agency: Co-BoUCM
- Transcribing agency: Co-BoUCM
110 ## - HEADING--CORPORATE NAME
- Corporate name or jurisdiction name as entry element: Asociación Cavelier del Derecho
670 ## - SOURCE DATA FOUND
- Source citation: Work cat.: (Co-BoUCM)95227: Anuario Colombiano de Derecho Internacional. ACDI, 2008-